<?xml version="1.0" encoding="UTF-8"?><?xml-stylesheet type="text/xsl" href="static/style.xsl"?><OAI-PMH xmlns="http://www.openarchives.org/OAI/2.0/" xmlns:xsi="http://www.w3.org/2001/XMLSchema-instance" xsi:schemaLocation="http://www.openarchives.org/OAI/2.0/ http://www.openarchives.org/OAI/2.0/OAI-PMH.xsd"><responseDate>2026-04-27T01:59:33Z</responseDate><request verb="GetRecord" identifier="oai:repisalud.isciii.es:20.500.12105/12266" metadataPrefix="marc">https://repisalud.isciii.es/rest/oai/request</request><GetRecord><record><header><identifier>oai:repisalud.isciii.es:20.500.12105/12266</identifier><datestamp>2024-10-17T12:56:26Z</datestamp><setSpec>com_20.500.12105_25100</setSpec><setSpec>com_20.500.12105_6723</setSpec><setSpec>com_20.500.12105_2337</setSpec><setSpec>com_20.500.12105_2336</setSpec><setSpec>col_20.500.12105_25180</setSpec></header><metadata><record xmlns="http://www.loc.gov/MARC21/slim" xmlns:dcterms="http://purl.org/dc/terms/" xmlns:doc="http://www.lyncode.com/xoai" xmlns:xsi="http://www.w3.org/2001/XMLSchema-instance" xsi:schemaLocation="http://www.loc.gov/MARC21/slim http://www.loc.gov/standards/marcxml/schema/MARC21slim.xsd">
   <leader>00925njm 22002777a 4500</leader>
   <datafield ind2=" " ind1=" " tag="042">
      <subfield code="a">dc</subfield>
   </datafield>
   <datafield ind2=" " ind1=" " tag="720">
      <subfield code="a">González Giménez, Beatriz</subfield>
      <subfield code="e">author</subfield>
   </datafield>
   <datafield ind2=" " ind1=" " tag="720">
      <subfield code="a">Roca Vega, Agustín</subfield>
      <subfield code="e">author</subfield>
   </datafield>
   <datafield ind2=" " ind1=" " tag="720">
      <subfield code="a">Cárceles Andreu, José Luis</subfield>
      <subfield code="e">author</subfield>
   </datafield>
   <datafield ind2=" " ind1=" " tag="720">
      <subfield code="a">Aguinaga Ontoso, Enrique</subfield>
      <subfield code="e">author</subfield>
   </datafield>
   <datafield ind2=" " ind1=" " tag="260">
      <subfield code="c">2014</subfield>
   </datafield>
   <datafield ind2=" " ind1=" " tag="520">
      <subfield code="a">El Servicio de Obtención de Documentos (SOD) de la Biblioteca Virtual&#xd;
Murciasalud (BVMS) ha recibido en los últimos dos años (2012 y 2013) más&#xd;
de 36.104 solicitudes. De ellas, 2.400 (6,65%) correspondían a artículos&#xd;
que se encontraban "libres" a través de Internet y 6.692 (18,54%) a&#xd;
artículos con acceso electrónico a través de la BVMS. En total, serían 9.092&#xd;
(25,19%) solicitudes de documentos que podemos considerar como "no&#xd;
necesarias" y que supondrían aproximadamente una carga para la BVMS de&#xd;
más de 375 horas anuales de trabajo. Los usuarios de la BVMS acceden al&#xd;
SOD a través de una aplicación de desarrollo propio disponible en la web de&#xd;
la BVMS. Trabajar con una aplicación propia nos permite disponer de un&#xd;
control total sobre la misma, por lo que en los más de 10 años que lleva&#xd;
funcionando ha ido creciendo y desarrollándose para adaptarla a las nuevas&#xd;
necesidades, tanto de los usuarios como de los gestores de la BVMS, y a las&#xd;
nuevas tecnologías.</subfield>
   </datafield>
   <datafield ind1="8" ind2=" " tag="024">
      <subfield code="a">XV Jornadas Nacionales de Información y Documentación en Ciencias de la Salud: grupos de trabajo y pósteres. Madrid: Colegio de Médicos; 2014</subfield>
   </datafield>
   <datafield ind1="8" ind2=" " tag="024">
      <subfield code="a">http://hdl.handle.net/20.500.12105/12266</subfield>
   </datafield>
   <datafield tag="653" ind2=" " ind1=" ">
      <subfield code="a">Servicio de obtención de documentos</subfield>
   </datafield>
   <datafield tag="653" ind2=" " ind1=" ">
      <subfield code="a">Analítica web</subfield>
   </datafield>
   <datafield tag="653" ind2=" " ind1=" ">
      <subfield code="a">Google Analytics</subfield>
   </datafield>
   <datafield ind2="0" ind1="0" tag="245">
      <subfield code="a">Conozca a sus usuarios a través del sod  [PÓSTER]</subfield>
   </datafield>
</record></metadata></record></GetRecord></OAI-PMH>